000 00733nam a2200289Ia 4500
001 5563
003 IT-RoPAU
008 130308s9999 xx 000 0 und d
040 _aIT-RoPAU
040 _cIT-RoPAU
041 _aITALIANO
100 _aCiaureli M.
100 _gCodice Aut. SPICS: 486
245 _aDella forma figurativa del film
245 _bMestiere di regista (Il)
250 _a1a ed.
260 _aMILANO/ROMA
260 _bBocca
260 _c1964 [1° Ed.:1964 - Ed.Ling.Originale:1964]
300 _a"53 p. (prefazione: no ; testo: 53 [pagine: 69-121])"
650 _aSAGGI SUL CINEMA
650 _eCodice materia Spics: 6811
942 _cBK
957 _71
999 _c55196
_d55196
999 _bSI
999 _g1